Mechanical Vibrations: (Record no. 183401)
[ view plain ]
| 000 -LEADER | |
|---|---|
| fixed length control field | 00578 a2200181 4500 |
| 005 - DATE AND TIME OF LATEST TRANSACTION | |
| control field | 20211224113339.0 |
| 010 ## - LCCN (DPL NO) | |
| LC control number | ENG-130591 |
| 020 ## - INTERNATIONAL STANDARD BOOK NUMBER | |
| International Standard Book Number | 978-93-89538-86-1 |
| Terms of availability | 725.00 |
| 035 ## - SYSTEM CONTROL NUMBER | |
| System control number | EN-114123 |
| 037 ## - SOURCE OF ACQUISITION | |
| Source of stock number/acquisition | DBAD/PUB |
| 082 ## - DEWEY DECIMAL CLASSIFICATION NUMBER | |
| Classification number | 620.3 |
| 100 ## - MAIN ENTRY--PERSONAL NAME | |
| Personal name | Kelly, S. Graham |
| 245 ## - TITLE STATEMENT | |
| Title | Mechanical Vibrations: |
| Statement of responsibility, etc | S. Graham Kelly |
| 260 ## - PUBLICATION, DISTRIBUTION, ETC. (IMPRINT) | |
| Place of publication, distribution, etc | Chennai |
| Name of publisher, distributor, etc | McGraw Hill Education(india) Private Limited |
| Date of publication, distribution, etc | 2022 |
| 270 ## - ADDRESS | |
| Address | Anjana Complex No.5 /90 A, Butt Road, St. Thomas Mount |
| City | Chennai |
| Postal code | 600016 |
| 300 ## - PHYSICAL DESCRIPTION | |
| Extent | 352p. |
| Dimensions | 28cm (pbk) |
| 942 ## - ADDED ENTRY ELEMENTS (KOHA) | |
| Institution code [OBSOLETE] | dpl |
| Item type | English Books |
| Source of classification or shelving scheme | Dewey Decimal Classification |
| Classification part | 620.3 |
| Call number suffix | KEL |
| Withdrawn status | Lost status | Not for loan | Collection code | Home library | Current library | Date acquired | Source of acquisition | Cost, normal purchase price | Full call number | Barcode | Copy number | Cost, replacement price | Koha item type |
|---|---|---|---|---|---|---|---|---|---|---|---|---|---|
| Non-fiction | Mobile Library | Mobile Library | 24/12/2021 | DBAD/PUB | 725.00 | 620.3 KEL | EN-114123 | 1 | 725.00 | English Books |
